BIBLIOTECA

SENCICO

Estructuras y Construción (Registro nro. 1157)

Detalles MARC
000 -LEADER
fixed length control field 00647nam a2200253Ia 4500
005 - DATE AND TIME OF LATEST TRANSACTION
control field 20251020182501.0
008 - FIXED-LENGTH DATA ELEMENTS--GENERAL INFORMATION
fixed length control field 200515s9999 xx 000 0 und d
082 ## - DEWEY DECIMAL CLASSIFICATION NUMBER
Classification number 624.947/H19
100 ## - MAIN ENTRY--PERSONAL NAME
Personal name Biondi, Ana [et al.]
100 ## - MAIN ENTRY--PERSONAL NAME
Personal name Harmsen, Teodoro
100 ## - MAIN ENTRY--PERSONAL NAME
Personal name Rivva, Enrique
245 #0 - TITLE STATEMENT
Title Estructuras y Construción
260 ## - PUBLICATION, DISTRIBUTION, ETC.
Place of publication, distribution, etc. Lima
260 ## - PUBLICATION, DISTRIBUTION, ETC.
Name of publisher, distributor, etc. Aci Perú
260 ## - PUBLICATION, DISTRIBUTION, ETC.
Date of publication, distribution, etc. 1999
300 ## - PHYSICAL DESCRIPTION
Extent 150 p.
300 ## - PHYSICAL DESCRIPTION
Other physical details il., tbl., graf.
490 ## - SERIES STATEMENT
Series statement I CONGRESO NACIONAL DE INGENIERÍA ESTRUCTURAL Y CONSTRUCCIÓN
500 ## - GENERAL NOTE
General note 1 ejemplar
650 ## - SUBJECT ADDED ENTRY--TOPICAL TERM
Topical term or geographic name entry element ESTRUCTURAS
650 ## - SUBJECT ADDED ENTRY--TOPICAL TERM
Topical term or geographic name entry element ESTRUCTURAS DE CONCRETO
942 ## - ADDED ENTRY ELEMENTS (KOHA)
Koha item type Libros
Existencias
Fecha de la última vez que lo usaron Pago total Signatura topográfica completa Código de barras Precio efectivo desde Tipo de documento Estado perdido Estado dañado No es para préstamo Retirado Ubicación permanente Ubicación actual Fecha de adquisición
15/05/2020   624.947/H19 Bib-Lima15051157 15/05/2020 Libros         Biblioteca Central Lima Biblioteca Central Lima 15/05/2020